| 000 | 00826nam a22002057a 4500 | ||
|---|---|---|---|
| 999 |
_c13794 _d13794 |
||
| 003 | AR-CdUCM | ||
| 008 | 190416b ||||| |||| 00| 0 spa d | ||
| 040 |
_aMUNICIPALIDAD PROVINCIAL DEL CUSCO _cBIBLIOTECA MUNICIPAL DEL CUSCO |
||
| 041 | _heng | ||
| 082 |
_a701.1 / _bUR77 |
||
| 100 |
_aUriarte, Eustoquio de _932356 |
||
| 245 |
_aEstética y Crítica Musical : _bCon la biografía del autor, por el Rdo. P. Fr. Luis Villalba / |
||
| 260 |
_aBarcelona : _bJuan Gili, Editor ; _c1904. |
||
| 300 |
_a357 páginas ; _c23cm |
||
| 505 | _aContenido: El padre Uriarte -- Llamada a los músicos de buena voluntad -- Ensayo sobre la estética de la música -- De estética musical -- La crítica musical... | ||
| 650 |
_aMúsica _91443 |
||
| 650 |
_aCrítica musical _932357 |
||
| 942 |
_2ddc _cLIBROS |
||
| 945 |
_anom _d2019-04-16 |
||